Guadalajara : la guerrilla olvidada : presos en la isla de la libertad /

Sparad:
Bibliografiska uppgifter
Huvudupphov: Robles Garnica, Guillermo (autor)
Materialtyp: Bok
Språk:spanska
Utgiven: México : La Otra Cuba, 1996, c1996
Taggar: Lägg till en tagg
Inga taggar, Lägg till första taggen!

MARC

LEADER 00000nam^a2200000^a^4500
001 000273912
005 20250521000000.0
009 20260310111144.932
020 |a 968-7955-02-3 
037 |a Acervo ITESO - Biblioteca 
041 |a ESP 
082 |a 322. 42  |b ROB 
100 |a Robles Garnica, Guillermo  |e (autor) 
245 1 0 |a Guadalajara :  |b la guerrilla olvidada : presos en la isla de la libertad /  |c G. Robles Garnica. 
264 4 |a México :  |b La Otra Cuba,  |c 1996, c1996 
300 |a 141 p. 
336 |a texto  |b txt  |2 rdacontenido 
337 |a sin mediación  |b n  |2 rdamedio 
338 |a volumen  |b nc  |2 rdasoporte 
649 |a XX 
910 |a Fondo General 
920 |a Impresos - Libros 
930 |a Colección General 
905 |a 101 
901 |a 0500159760  |b IT1  |c ACC  |u 20250521 
902 |a https://opac.biblio.iteso.mx/vufind/Record/000273912